[Event "Novy Bor op"]
[Site "Novy Bor"]
[Date "2011.02.18"]
[Round "8"]
[White "Senkyr, Vladimir"]
[Black "Kucera, Jaroslav"]
[Result "0-1"]
[WhiteElo "2160"]
[BlackElo "1967"]
[PlyCount "134"]
[EventDate "2011.02.12"]
[EventType "swiss"]
[EventRounds "9"]
[EventCountry "CZE"]
[SourceTitle "CBM 140 Extra"]
[Source "ChessBase"]
[SourceDate "2011.03.01"]
[SourceVersion "1"]
[SourceVersionDate "2011.03.01"]
[SourceQuality "1"]

1. Nf3 d6 2. d4 Bg4 3. Qd3 c6 4. Nbd2 Nd7 5. b3 Ngf6 6. Bb2 e6 7. e4 d5 8. Be2 dxe4 9. Nxe4 Nxe4 10. Qxe4 Bf5 11. Qe3 Bxc2 12. 0-0 Nf6 13. Rac1 Nd5 14. Qd2 Be4 15. a3 Bd6 16. g3 0-0 17. Ne5 Qe7 18. Nc4 Bc7 19. f3 Bg6 20. f4 Rad8 21. b4 a6 22. Rce1 Qf6 23. Bf3 h6 24. Qe2 Bb8 25. Ne5 Bxe5 26. fxe5 Qe7 27. h4 Nc7 28. Rf2 Rd7 29. Qc4 Rfd8 30. a4 Nd5 31. b5 axb5 32. axb5 cxb5 33. Qxb5 Rc8 34. Ba3 Qd8 35. Bc5 b6 36. Bd6 Ne7 37. h5 Bh7 38. g4 Rxd6 39. exd6 Qxd6 40. Qe5 Qb4 41. Ra1 Kh8 42. Ra8 Rxa8 43. Bxa8 Bg8 44. Kg2 Qa4 45. Be4 Nc6 46. Qc7 Nxd4 47. Qxb6 e5 48. Qb8 Nc6 49. Qb1 f6 50. Rb2 Ne7 51. Rb8 Qd7 52. Kg3 Qd2 53. Qd3 Qf4+ 54. Kh3 Qg5 55. Qf3 Qd2 56. Bd3 Qg5 57. Re8 f5 58. Bxf5 Nxf5 59. Qxf5 Qe3+ 60. Kh4 Qe2 61. Kg3 Qe1+ 62. Qf2 Qc3+ 63. Kh4 Qa1 64. Qe3 Qh1+ 65. Kg3 e4 66. Qxe4 Qg1+ 67. Kh4 Qh2# 0-1

[Event "Novy Bor op"]
[Site "Novy Bor"]
[Date "2011.02.12"]
[Round "1"]
[White "Senkyr, Vladimir"]
[Black "Grela, Kacper"]
[Result "1-0"]
[WhiteElo "2160"]
[BlackElo "1714"]
[PlyCount "93"]
[EventDate "2011.02.12"]
[EventType "swiss"]
[EventRounds "9"]
[EventCountry "CZE"]
[SourceTitle "CBM 140 Extra"]
[Source "ChessBase"]
[SourceDate "2011.03.01"]
[SourceVersion "1"]
[SourceVersionDate "2011.03.01"]
[SourceQuality "1"]

1. Nf3 f5 2. b3 Nf6 3. Bb2 g6 4. g3 Bg7 5. Bg2 0-0 6. c4 d6 7. d4 Na6 8. 0-0 c5 9. Nc3 cxd4 10. Nxd4 Nc5 11. e3 a6 12. b4 Qb6 13. Ba3 Nce4 14. Na4 Qc7 15. Rc1 e5 16. Ne2 Be6 17. f3 Ng5 18. c5 Rfd8 19. Qc2 Nf7 20. Nb6 Rab8 21. Nc3 d5 22. Rfe1 e4 23. Ne2 Nd7 24. Nf4 Qe5 25. Bb2 Qxb2 26. Nxe6 Qxb4 27. Nxd8 Rxd8 28. Nxd5 Qxc5 29. Qxc5 Nxc5 30. Rxc5 Bf8 31. Ra5 b6 32. Nf6+ Kg7 33. Rxa6 Kxf6 34. Rxb6+ Nd6 35. fxe4 fxe4 36. Bxe4 Ke5 37. Bf3 Bh6 38. Kf2 Rf8 39. Rc1 Ne4+ 40. Ke2 Ra8 41. Rb5+ Ke6 42. Bxe4 Rxa2+ 43. Rc2 Ra3 44. Bd3 Ra1 45. Rb6+ Ke7 46. Rb7+ Kd6 47. Rxh7 1-0

[Event "CZE-chT1E 0910"]
[Site "Czech Republic"]
[Date "2010.04.11"]
[Round "11.6"]
[White "Senkyr, Vladimir"]
[Black "Vyhnalek, Lukas"]
[Result "1/2-1/2"]
[WhiteElo "2203"]
[BlackElo "1774"]
[PlyCount "80"]
[EventDate "2009.11.15"]
[EventType "team-tourn"]
[EventRounds "11"]
[EventCountry "CZE"]
[SourceTitle "EXT 2011"]
[Source "ChessBase"]
[SourceDate "2010.11.26"]
[SourceVersion "1"]
[SourceVersionDate "2010.11.26"]
[SourceQuality "1"]
[WhiteTeam "Jihlava"]
[BlackTeam "Litovel II"]
[WhiteTeamCountry "CZE"]
[BlackTeamCountry "CZE"]

1. b4 e5 2. a3 Nf6 3. Bb2 d6 4. c4 Bf5 5. Nc3 Nbd7 6. d3 c5 7. g3 Be7 8. Bg2 Rb8 9. Nf3 0-0 10. 0-0 a6 11. Nd2 b5 12. cxb5 axb5 13. Nb3 cxb4 14. axb4 Be6 15. Na5 Qb6 16. Nc6 Rbe8 17. Ra5 d5 18. Nxe7+ Rxe7 19. Rxb5 Qd6 20. Qa4 d4 21. Nb1 Nb6 22. Qa6 Rb8 23. Rc1 Rc7 24. Rbc5 Rbc8 25. Qb5 Nfd7 26. Rxc7 Rxc7 27. Rxc7 Qxc7 28. Na3 f6 29. e3 dxe3 30. fxe3 Qd6 31. d4 exd4 32. Bxd4 Nd5 33. Bc5 Qe5 34. Bd4 Qd6 35. Nc2 Nxe3 36. Bxe3 Qd1+ 37. Kf2 Qxc2+ 38. Qe2 Qf5+ 39. Qf3 Qc2+ 40. Qe2 Qf5+ 1/2-1/2

[Event "Marianske Lazne op"]
[Site "Marianske Lazne"]
[Date "2010.01.21"]
[Round "7"]
[White "Ivanov, Mikhail M"]
[Black "Senkyr, Vladimir"]
[Result "1-0"]
[WhiteElo "2465"]
[BlackElo "2203"]
[PlyCount "99"]
[EventDate "2010.01.16"]
[EventType "swiss"]
[EventRounds "9"]
[EventCountry "CZE"]
[SourceTitle "CBM 134 Extra"]
[Source "ChessBase"]
[SourceDate "2010.03.03"]
[SourceVersion "1"]
[SourceVersionDate "2010.03.03"]
[SourceQuality "1"]

1. c4 f5 2. Nf3 Nf6 3. g3 e6 4. Bg2 d5 5. 0-0 c6 6. b3 Bd6 7. Bb2 0-0 8. e3 Qe7 9. Ne5 Bd7 10. f4 Be8 11. Bf3 Nfd7 12. Qe2 a5 13. d3 a4 14. Nd2 axb3 15. axb3 Rxa1 16. Rxa1 Na6 17. Nxc6 bxc6 18. Rxa6 Nc5 19. Ra2 Qb7 20. Ba3 Bf7 21. d4 Ne4 22. Bxd6 Nxd6 23. Qd3 Rb8 24. Qc3 Be8 25. c5 Nb5 26. Qa1 h5 27. h4 g6 28. Kf2 Kf8 29. Be2 Ke7 30. Nf3 Kd8 31. b4 Nc7 32. Ra4 Ra8 33. Ne5 Rxa4 34. Qxa4 Qa8 35. Qxa8+ Nxa8 36. Ke1 Nc7 37. Kd2 Kc8 38. Kc3 Nb5+ 39. Kb3 Kb7 40. Bd3 Ka7 41. Ka4 Nc3+ 42. Ka5 Kb7 43. Nf3 Nd1 44. b5 Nxe3 45. bxc6+ Kc7 46. Ng5 Bxc6 47. Nxe6+ Kb7 48. Bb5 Nc4+ 49. Bxc4 dxc4 50. Nd8+ 1-0

[Event "CZE-chT1E 0910"]
[Site "Czech Republic"]
[Date "2009.11.15"]
[Round "1.5"]
[White "Hrubes, Pavel"]
[Black "Senkyr, Vladimir"]
[Result "1-0"]
[WhiteElo "2175"]
[BlackElo "2203"]
[PlyCount "55"]
[EventDate "2009.11.15"]
[EventType "team-tourn"]
[EventRounds "11"]
[EventCountry "CZE"]
[SourceTitle "EXT 2011"]
[Source "ChessBase"]
[SourceDate "2010.11.26"]
[SourceVersion "1"]
[SourceVersionDate "2010.11.26"]
[SourceQuality "1"]
[WhiteTeam "Vysoke Myto"]
[BlackTeam "Jihlava"]
[WhiteTeamCountry "CZE"]
[BlackTeamCountry "CZE"]

1. c4 e6 2. e4 d5 3. cxd5 exd5 4. e5 d4 5. Bc4 Nc6 6. f4 Qh4+ 7. g3 Qg4 8. Nf3 Be6 9. Be2 Qf5 10. d3 Be7 11. 0-0 h5 12. Ng5 Bd5 13. e6 Bxg5 14. exf7+ Qxf7 15. fxg5 Qg6 16. h4 0-0-0 17. Bf4 Nge7 18. Na3 Nf5 19. Nc2 Rde8 20. Rc1 Ne3 21. Nxe3 dxe3 22. b4 Re7 23. Rc5 Qe6 24. Qc1 b6 25. Rxd5 Qxd5 26. Bf3 Qxd3 27. Qxc6 Rd8 28. Rc1 1-0

[Event "CZE-chT1E 0910"]
[Site "Czech Republic"]
[Date "2009.10.25"]
[Round "2.5"]
[White "Senkyr, Vladimir"]
[Black "Vymazal, Bronislav"]
[Result "0-1"]
[WhiteElo "2203"]
[BlackElo "2334"]
[PlyCount "104"]
[EventDate "2009.11.15"]
[EventType "team-tourn"]
[EventRounds "11"]
[EventCountry "CZE"]
[SourceTitle "EXT 2011"]
[Source "ChessBase"]
[SourceDate "2010.11.26"]
[SourceVersion "1"]
[SourceVersionDate "2010.11.26"]
[SourceQuality "1"]
[WhiteTeam "Jihlava"]
[BlackTeam "Litovel"]
[WhiteTeamCountry "CZE"]
[BlackTeamCountry "CZE"]

1. b4 c6 2. e3 d5 3. Bb2 Nd7 4. f4 e5 5. fxe5 Qh4+ 6. g3 Qxb4 7. Bc3 Qe4 8. Qf3 Qxc2 9. Ne2 Nc5 10. Nd4 Qg6 11. a4 Nh6 12. a5 a6 13. h3 Be7 14. Bb4 Nf5 15. Nxf5 Bxf5 16. Bxc5 Be4 17. Qg4 Qxg4 18. hxg4 Bxh1 19. Bxe7 Kxe7 20. Nc3 Be4 21. d3 Bf3 22. Ra4 h5 23. g5 Rab8 24. Kf2 Bg4 25. Rb4 c5 26. Rb6 Be6 27. e4 Rhd8 28. Bg2 dxe4 29. Bxe4 Rd4 30. Bxb7 Rxd3 31. Ne4 Ra3 32. Bc6 Ra2+ 33. Ke3 Ra3+ 34. Kf2 Ra2+ 35. Ke3 Rxb6 36. axb6 Rb2 37. b7 Bd7 38. Bd5 Be6 39. Bc6 a5 40. Nxc5 Kd8 41. Be4 Bc4 42. Kd4 Bf1 43. Bd5 Kc7 44. Bxf7 Bg2 45. g6 a4 46. Ne6+ Kxb7 47. Nxg7 a3 48. Nf5 a2 49. Bxa2 Rxa2 50. g7 Ra4+ 51. Kc5 Rg4 52. e6 Kc7 0-1

[Event "CZE-chT1E 0809"]
[Site "Czech Republic"]
[Date "2009.03.15"]
[Round "10.6"]
[White "Senkyr, Vladimir"]
[Black "Sojka, Ales"]
[Result "1-0"]
[WhiteElo "2189"]
[BlackElo "2119"]
[PlyCount "87"]
[EventDate "2008.11.08"]
[EventType "team-tourn"]
[EventRounds "11"]
[EventCountry "CZE"]
[SourceTitle "EXT 2010"]
[Source "ChessBase"]
[SourceDate "2010.11.25"]
[SourceVersion "1"]
[SourceVersionDate "2010.11.25"]
[SourceQuality "1"]
[WhiteTeam "Jihlava"]
[BlackTeam "Kromeriz "]
[WhiteTeamCountry "CZE"]
[BlackTeamCountry "CZE"]

1. b4 e5 2. Bb2 d6 3. e3 a5 4. b5 f5 5. c4 Nf6 6. Qc2 Be7 7. Nc3 0-0 8. Nd5 Be6 9. Nxe7+ Qxe7 10. Nf3 Ne4 11. h4 c6 12. d3 Nc5 13. d4 Ne4 14. a4 exd4 15. Nxd4 cxb5 16. axb5 Nd7 17. Be2 Ndc5 18. g3 Bd7 19. 0-0 Rf6 20. h5 Rh6 21. Kg2 a4 22. Rh1 Re8 23. Ra3 g6 24. f3 Qg5 25. fxe4 Nxe4 26. Rh3 f4 27. exf4 Bxh3+ 28. Kxh3 Qc5 29. Re3 Nf2+ 30. Kg2 Rxe3 31. Kxf2 Re8 32. Qc3 gxh5 33. Bf3 h4 34. Bd5+ Kf8 35. Kf3 Rg6 36. Nf5 Re3+ 37. Qxe3 Qxe3+ 38. Kxe3 hxg3 39. Bg2 Re6+ 40. Kf3 Kf7 41. Kxg3 Re2 42. Bd5+ Kg6 43. Nh4+ Kh6 44. Bf7 1-0

[Event "CZE-chT2D 0809"]
[Site "Czech Republic"]
[Date "2009.02.08"]
[Round "8.3"]
[White "Majer, Jiri Sr"]
[Black "Senkyr, Vladimir"]
[Result "1-0"]
[WhiteElo "2045"]
[BlackElo "2189"]
[PlyCount "113"]
[EventDate "2008.10.12"]
[EventType "team-tourn"]
[EventRounds "11"]
[EventCountry "CZE"]
[SourceTitle "EXT 2010"]
[Source "ChessBase"]
[SourceDate "2010.11.25"]
[SourceVersion "1"]
[SourceVersionDate "2010.11.25"]
[SourceQuality "1"]

1. d4 d5 2. Nf3 e6 3. Bf4 f5 4. g3 Nf6 5. Bg2 Bd6 6. Bxd6 cxd6 7. c4 Qb6 8. b3 0-0 9. 0-0 Nc6 10. cxd5 Nxd5 11. Na3 Bd7 12. Nc4 Qc7 13. Rc1 b5 14. Nb2 Qb6 15. e3 Rac8 16. Ng5 h6 17. Bxd5 hxg5 18. Bg2 Nb4 19. a3 Rxc1 20. Qxc1 Rc8 21. Qd1 Nc2 22. Qh5 Nxa3 23. Qxg5 Rc3 24. e4 Bc6 25. Qe7 Qxd4 26. Qxe6+ Kf8 27. Qxf5+ Qf6 28. Qc8+ Be8 29. Qa8 Rxb3 30. Nd1 Qe7 31. Ne3 Rb1 32. Rxb1 Nxb1 33. Nf5 Qc7 34. h4 Nc3 35. Nd4 Kf7 36. Bh3 Bd7 37. Bxd7 Qxd7 38. Nf5 g6 39. Ne3 Kg7 40. Kg2 b4 41. Nd5 Nxe4 42. Nxb4 Nc5 43. Qf3 a5 44. Qc3+ Kf7 45. Nd5 Qe6 46. Nf4 Qe5 47. Qxa5 Qe4+ 48. Kg1 Ke8 49. Qb5+ Kd8 50. Qb8+ Kd7 51. Qa7+ Kc8 52. Qf7 Qe1+ 53. Kg2 Qe4+ 54. f3 Qc2+ 55. Kh3 Nd3 56. Qe8+ Kb7 57. Qe4+ 1-0

[Event "CZE-chT2D 0809"]
[Site "Czech Republic"]
[Date "2008.12.21"]
[Round "5.3"]
[White "Schwarz, Milan"]
[Black "Senkyr, Vladimir"]
[Result "0-1"]
[WhiteElo "2074"]
[BlackElo "2189"]
[PlyCount "76"]
[EventDate "2008.10.12"]
[EventType "team-tourn"]
[EventRounds "11"]
[EventCountry "CZE"]
[SourceTitle "EXT 2010"]
[Source "ChessBase"]
[SourceDate "2010.11.25"]
[SourceVersion "1"]
[SourceVersionDate "2010.11.25"]
[SourceQuality "1"]

1. c4 e6 2. Nf3 f5 3. d4 Nf6 4. Nc3 d5 5. Bg5 Be7 6. e3 0-0 7. Be2 c6 8. 0-0 Nbd7 9. Rb1 Ne4 10. Bxe7 Qxe7 11. Qc2 g5 12. Nd2 Ndf6 13. f3 Nxc3 14. Qxc3 Bd7 15. b4 a6 16. a4 Rfc8 17. c5 f4 18. Rfe1 Nh5 19. Bf1 Qf6 20. e4 Be8 21. Rb2 Bg6 22. e5 Qf7 23. b5 axb5 24. axb5 Ng7 25. Bd3 Bxd3 26. Qxd3 Nf5 27. Reb1 Ra4 28. Rb4 Rca8 29. bxc6 bxc6 30. Rb8+ Rxb8 31. Rxb8+ Kg7 32. Qb1 Ra7 33. Qb4 Ra1+ 34. Kf2 Qh5 35. Nf1 Qh4+ 36. Ke2 Nxd4+ 37. Kd3 Rd1+ 38. Nd2 Qf2 0-1

[Event "CZE-chT1E 0809"]
[Site "Czech Republic"]
[Date "2008.12.14"]
[Round "5.6"]
[White "Senkyr, Vladimir"]
[Black "Folkova, Martina"]
[Result "1/2-1/2"]
[WhiteElo "2189"]
[BlackElo "2182"]
[PlyCount "99"]
[EventDate "2008.11.08"]
[EventType "team-tourn"]
[EventRounds "11"]
[EventCountry "CZE"]
[SourceTitle "EXT 2010"]
[Source "ChessBase"]
[SourceDate "2010.11.25"]
[SourceVersion "1"]
[SourceVersionDate "2010.11.25"]
[SourceQuality "1"]
[WhiteTeam "Jihlava"]
[BlackTeam "Rychnov nad Kneznou"]
[WhiteTeamCountry "CZE"]
[BlackTeamCountry "CZE"]

1. Nf3 d5 2. g3 Nf6 3. Bg2 Nbd7 4. d4 e6 5. 0-0 Bd6 6. b3 e5 7. dxe5 Nxe5 8. Nbd2 0-0 9. Bb2 Qe7 10. Re1 Bg4 11. h3 Bh5 12. Nf1 c6 13. Nd4 Bg6 14. Ne3 Bb4 15. c3 Bc5 16. Nef5 Bxf5 17. Nxf5 Qd7 18. Qc2 Rfe8 19. Rad1 Qc7 20. e3 a5 21. Nd4 Ng6 22. c4 Bb4 23. Re2 dxc4 24. Qxc4 Rad8 25. a3 Bd6 26. Rde1 Ne5 27. Qc2 Qb6 28. Nf5 Bf8 29. Rd1 Rxd1+ 30. Qxd1 Rd8 31. Qc2 Qc7 32. Rd2 Rxd2 33. Qxd2 Nfd7 34. Qc3 g6 35. Nd4 f6 36. f4 Nf7 37. Ne6 Qd6 38. Nxf8 Qd1+ 39. Kh2 Kxf8 40. a4 h5 41. e4 c5 42. Qc4 Qd6 43. Qe2 b6 44. h4 Nh6 45. Bh3 Ng4+ 46. Bxg4 hxg4 47. e5 Qe6 48. Qe3 f5 49. Qd3 Ke7 50. Kg1 1/2-1/2

[Event "CZE-chT2D 0809"]
[Site "Czech Republic"]
[Date "2008.10.12"]
[Round "1.2"]
[White "Senkyr, Vladimir"]
[Black "Cerveny, Martin"]
[Result "0-1"]
[WhiteElo "2189"]
[BlackElo "2320"]
[PlyCount "86"]
[EventDate "2008.10.12"]
[EventType "team-tourn"]
[EventRounds "11"]
[EventCountry "CZE"]
[SourceTitle "EXT 2010"]
[Source "ChessBase"]
[SourceDate "2010.11.25"]
[SourceVersion "1"]
[SourceVersionDate "2010.11.25"]
[SourceQuality "1"]

1. Nf3 d5 2. d4 Nf6 3. e3 Bf5 4. Bd3 Bxd3 5. Qxd3 Nbd7 6. 0-0 e6 7. b3 c6 8. a4 Be7 9. Ba3 0-0 10. c4 Re8 11. b4 a6 12. Nc3 Nb6 13. Ne5 Nfd7 14. Nxd7 Qxd7 15. c5 Nc4 16. f4 f5 17. Bc1 b6 18. Bd2 a5 19. Ne2 axb4 20. Bxb4 bxc5 21. Bxc5 Bxc5 22. dxc5 Qe7 23. Qd4 Ra5 24. Nc1 Rea8 25. Nd3 Rxa4 26. Rxa4 Rxa4 27. Rb1 Ra8 28. Ne5 Nxe5 29. Qxe5 Kf7 30. Rb6 Rc8 31. g3 Qd7 32. Kf2 Rc7 33. Ke2 Qe7 34. h3 Rc8 35. g4 fxg4 36. hxg4 Qd7 37. Kd3 h6 38. Kd4 Rd8 39. Qh5+ Kg8 40. g5 hxg5 41. fxg5 e5+ 42. Kd3 Qf5+ 43. Kd2 Ra8 0-1

[Event "Marianske Lazne op"]
[Site "Marianske Lazne"]
[Date "2008.01.26"]
[Round "9"]
[White "Ondrejat, Miroslav"]
[Black "Senkyr, Vladimir"]
[Result "1-0"]
[WhiteElo "2074"]
[BlackElo "2198"]
[PlyCount "69"]
[EventDate "2008.01.19"]
[EventType "swiss"]
[EventRounds "9"]
[EventCountry "CZE"]
[SourceTitle "CBM 122 Extra"]
[Source "ChessBase"]
[SourceDate "2008.03.04"]
[SourceVersion "1"]
[SourceVersionDate "2008.03.04"]
[SourceQuality "1"]

1. e4 d5 2. exd5 Qxd5 3. Nc3 Qa5 4. d4 Nf6 5. Nf3 c6 6. Be2 Bg4 7. h3 Bh5 8. 0-0 e6 9. a3 Be7 10. Ne5 Bxe2 11. Qxe2 Nbd7 12. Bg5 Rd8 13. b4 Qb6 14. Rad1 h6 15. Be3 Nd5 16. Nxd5 cxd5 17. c4 Nf6 18. c5 Qc7 19. Qc2 b5 20. Bf4 Qc8 21. Qe2 Qa6 22. Rd3 Nd7 23. Qg4 Nxe5 24. Bxe5 Bf6 25. Re1 Bxe5 26. Rxe5 g6 27. Rde3 Ke7 28. f4 Qc6 29. Qh4+ Kd7 30. Qf6 Rhf8 31. f5 gxf5 32. Rxf5 a5 33. Rh5 axb4 34. axb4 Qa6 35. Rxd5+ 1-0

[Event "Marianske Lazne op"]
[Site "Marianske Lazne"]
[Date "2008.01.25"]
[Round "8"]
[White "Senkyr, Vladimir"]
[Black "Neoral, Antonin"]
[Result "0-1"]
[WhiteElo "2198"]
[BlackElo "2142"]
[PlyCount "102"]
[EventDate "2008.01.19"]
[EventType "swiss"]
[EventRounds "9"]
[EventCountry "CZE"]
[SourceTitle "CBM 122 Extra"]
[Source "ChessBase"]
[SourceDate "2008.03.04"]
[SourceVersion "1"]
[SourceVersionDate "2008.03.04"]
[SourceQuality "1"]

1. Nf3 Nf6 2. c4 g6 3. g3 Bg7 4. Bg2 0-0 5. 0-0 d6 6. Nc3 Nc6 7. Rb1 a5 8. a3 Bf5 9. d3 e5 10. b4 axb4 11. axb4 Rb8 12. b5 Nd4 13. Ne1 Bd7 14. Ba3 Qe7 15. e3 Ne6 16. Nc2 Rfc8 17. Re1 Nf8 18. Nb4 c6 19. Qb3 h5 20. Na4 c5 21. Nd5 Nxd5 22. Bxd5 Re8 23. Bb2 Bh3 24. Nc3 Nd7 25. Ra1 Nb6 26. Bh1 h4 27. Qc2 f5 28. Nd5 Nxd5 29. Bxd5+ Kh7 30. f3 Bf6 31. Qe2 hxg3 32. hxg3 Kg7 33. Kf2 g5 34. Ra7 Rh8 35. Rg1 g4 36. Ke1 Qc7 37. Kd2 Qd7 38. Rh1 Kg6 39. Kc2 Qc7 40. Qd2 Qe7 41. Re1 gxf3 42. Bxf3 Bg4 43. Qg2 Bxf3 44. Qxf3 Rh2+ 45. Re2 e4 46. dxe4 Qxe4+ 47. Qxe4 Rxe2+ 48. Kd1 fxe4 49. Bxf6 Rxe3 50. Be7 Rxg3 51. Ke2 Rd3 0-1

[Event "Marianske Lazne op"]
[Site "Marianske Lazne"]
[Date "2008.01.23"]
[Round "6"]
[White "Senkyr, Vladimir"]
[Black "Turner, Jan"]
[Result "0-1"]
[WhiteElo "2198"]
[BlackElo "2347"]
[PlyCount "85"]
[EventDate "2008.01.19"]
[EventType "swiss"]
[EventRounds "9"]
[EventCountry "CZE"]
[SourceTitle "CBM 122 Extra"]
[Source "ChessBase"]
[SourceDate "2008.03.04"]
[SourceVersion "1"]
[SourceVersionDate "2008.03.04"]
[SourceQuality "1"]

1. g3 e5 2. Bg2 Nf6 3. c4 d5 4. cxd5 Nxd5 5. Nc3 Nb6 6. Nf3 Nc6 7. d3 Be7 8. Bd2 0-0 9. 0-0 Be6 10. Na4 f6 11. Nxb6 axb6 12. a3 Qd7 13. Bc3 Rfd8 14. Qc2 Bf8 15. Rac1 Rac8 16. Rfd1 Qf7 17. Nd2 Rb8 18. b4 Rd7 19. Qb2 Nd4 20. Nc4 b5 21. Na5 c6 22. e3 Nf5 23. Rd2 Rbd8 24. Rcd1 Nd6 25. e4 b6 26. Nxc6 Rc8 27. Nxe5 fxe5 28. Bxe5 Rdc7 29. Qd4 Rc6 30. Bf4 g6 31. h3 Qa7 32. Qf6 Nf7 33. Qb2 Rc3 34. d4 Rb3 35. Qa1 Rxa3 36. Qb1 Bb3 37. Rf1 Bxb4 38. Rb2 Qa4 39. e5 Bc3 40. Rc1 Bc4 41. Rxc3 Rxc3 42. d5 Rd3 43. Rc2 0-1

[Event "CZE-chT1E 0607"]
[Site "Czech Republic"]
[Date "2007.04.01"]
[Round "11.3"]
[White "Reznicek, Tomas"]
[Black "Senkyr, Vladimir"]
[Result "0-1"]
[WhiteElo "2248"]
[BlackElo "2190"]
[PlyCount "84"]
[EventDate "2006.10.15"]
[EventType "team"]
[EventRounds "11"]
[EventCountry "CZE"]
[SourceTitle "EXT 2008"]
[Source "ChessBase"]
[SourceDate "2007.11.25"]
[SourceVersion "1"]
[SourceVersionDate "2007.11.25"]
[SourceQuality "1"]

1. e4 d5 2. exd5 Qxd5 3. Nf3 Nf6 4. d4 c6 5. Be2 Bg4 6. 0-0 e6 7. c4 Qd6 8. Nc3 Nbd7 9. c5 Qc7 10. g3 b6 11. Bf4 Qb7 12. b4 Be7 13. Re1 0-0 14. Bf1 Rfe8 15. Bg2 Nd5 16. Nxd5 exd5 17. Re3 Bf6 18. Qd2 Rxe3 19. Bxe3 Bxf3 20. Bxf3 bxc5 21. bxc5 Nxc5 22. Qc2 Ne6 23. Rb1 Qd7 24. Qa4 g6 25. Be2 Rc8 26. Ba6 Rc7 27. Rb8+ Kg7 28. Qd1 c5 29. Qd2 Bxd4 30. Bh6+ Kf6 31. Qe2 Qd6 32. Qf3+ Ke7 33. Bb5 Rd7 34. Rg8 Rd8 35. Rxd8 Nxd8 36. Bf4 Qe6 37. Bc7 Nc6 38. Kg2 f6 39. Bf4 c4 40. Bd2 Ne5 41. Qa3+ Kf7 42. Qa5 Qb6 0-1

[Event "CZE-chT1E 0607"]
[Site "Czech Republic"]
[Date "2006.11.26"]
[Round "3.4"]
[White "Senkyr, Vladimir"]
[Black "Skacelik, Petr"]
[Result "1/2-1/2"]
[WhiteElo "2188"]
[BlackElo "2260"]
[PlyCount "106"]
[EventDate "2006.10.15"]
[EventType "team"]
[EventRounds "11"]
[EventCountry "CZE"]
[SourceTitle "EXT 2008"]
[Source "ChessBase"]
[SourceDate "2007.11.25"]
[SourceVersion "1"]
[SourceVersionDate "2007.11.25"]
[SourceQuality "1"]

1. b3 Nf6 2. Bb2 g6 3. e4 d6 4. g3 Bg7 5. Bg2 0-0 6. Ne2 c5 7. 0-0 Nc6 8. c4 Bd7 9. d3 Qc8 10. Qd2 Bh3 11. Nbc3 Bxg2 12. Kxg2 Nd7 13. Nd5 Bxb2 14. Qxb2 e6 15. Ne3 f5 16. exf5 gxf5 17. f4 Qd8 18. Rad1 Qf6 19. d4 Rad8 20. Rd2 cxd4 21. Nxd4 Nc5 22. Nxc6 bxc6 23. Qxf6 Rxf6 24. b4 Ne4 25. Rd3 Rf7 26. Nc2 Rb8 27. Kf3 a5 28. a3 axb4 29. axb4 Ra7 30. Ke3 Ra2 31. Rc1 Kf7 32. g4 Kf6 33. g5+ Kf7 34. h4 Rba8 35. Rb3 Ke7 36. h5 Kd7 37. Kd4 c5+ 38. bxc5 Nxc5 39. Rb4 Kc6 40. Ke3 e5 41. Rb5 R8a3+ 42. Nxa3 Rxa3+ 43. Ke2 Nd3 44. Rf1 Nxf4+ 45. Rxf4 exf4 46. Rxf5 Rh3 47. h6 Rg3 48. Kf2 Kd7 49. Rxf4 Rxg5 50. Rf7+ Ke6 51. Rxh7 Rh5 52. Ke3 Ke5 53. Re7+ Kf6 1/2-1/2

[Event "CZE-chT1 East 0506"]
[Site "Czech Republic"]
[Date "2006.04.02"]
[Round "11.3"]
[White "Bolacky, Jiri"]
[Black "Senkyr, Vladimir"]
[Result "1-0"]
[WhiteElo "2257"]
[BlackElo "2190"]
[PlyCount "41"]
[EventDate "2005.10.23"]
[EventType "team"]
[EventRounds "11"]
[EventCountry "CZE"]
[SourceTitle "EXT 2008"]
[Source "ChessBase"]
[SourceDate "2007.11.25"]
[SourceVersion "1"]
[SourceVersionDate "2007.11.25"]
[SourceQuality "1"]

1. e4 d5 2. exd5 Qxd5 3. Nc3 Qa5 4. d4 Nf6 5. Nf3 c6 6. Bc4 Bg4 7. h3 Bh5 8. Bd2 e6 9. Qe2 Qc7 10. g4 Bg6 11. g5 Nh5 12. d5 Nf4 13. Bxf4 Qxf4 14. dxe6 fxe6 15. Qxe6+ Kd8 16. Rd1+ Kc7 17. Nd4 Bb4 18. Rd2 Bxc3 19. bxc3 Na6 20. Qe7+ Kb6 21. 0-0 1-0

[Event "CZE-chT1 East 0506"]
[Site "Czech Republic"]
[Date "2006.02.05"]
[Round "7.5"]
[White "Dvorak, Tomas"]
[Black "Senkyr, Vladimir"]
[Result "1/2-1/2"]
[WhiteElo "2299"]
[BlackElo "2173"]
[PlyCount "87"]
[EventDate "2005.10.23"]
[EventType "team"]
[EventRounds "11"]
[EventCountry "CZE"]
[SourceTitle "EXT 2008"]
[Source "ChessBase"]
[SourceDate "2007.11.25"]
[SourceVersion "1"]
[SourceVersionDate "2007.11.25"]
[SourceQuality "1"]

1. e4 d5 2. exd5 Qxd5 3. Nc3 Qa5 4. g3 Nf6 5. Bg2 c6 6. Nge2 Bf5 7. 0-0 e6 8. Nd4 Nbd7 9. a3 Bg4 10. Qe1 Qb6 11. Nf3 Bd6 12. d3 0-0 13. Nd2 Rfe8 14. Nc4 Qc7 15. Nxd6 Qxd6 16. h3 Bf5 17. Ne4 Qc7 18. Nxf6+ Nxf6 19. Bg5 Nd5 20. Rd1 f6 21. Bc1 e5 22. c4 Nb6 23. Qa5 Qd7 24. g4 Bg6 25. Be3 Qd8 26. Qc3 Qe7 27. d4 exd4 28. Rxd4 Bf7 29. Rfd1 Qe5 30. Qc2 Bg6 31. Qc1 Bf7 32. b3 h5 33. g5 Re6 34. Re4 Qf5 35. Rxe6 Bxe6 36. gxf6 Qxf6 37. Rd6 Re8 38. Qd1 Qe5 39. Rd8 Bf5 40. Rxe8+ Qxe8 41. Qd6 Qe6 42. Qd8+ Kh7 43. Qg5 Qg6 44. Qh4 1/2-1/2

[Event "CZE-chT1 East 0506"]
[Site "Czech Republic"]
[Date "2006.01.09"]
[Round "5.6"]
[White "Senkyr, Vladimir"]
[Black "Jablecnik, Gustav"]
[Result "1-0"]
[WhiteElo "2170"]
[BlackElo "2234"]
[PlyCount "53"]
[EventDate "2005.10.23"]
[EventType "team"]
[EventRounds "11"]
[EventCountry "CZE"]
[SourceTitle "EXT 2008"]
[Source "ChessBase"]
[SourceDate "2007.11.25"]
[SourceVersion "1"]
[SourceVersionDate "2007.11.25"]
[SourceQuality "1"]

1. Nf3 Nc6 2. d4 d5 3. e3 Bf5 4. Bd3 Bxd3 5. Qxd3 e6 6. 0-0 Nf6 7. a3 Bd6 8. Nbd2 0-0 9. e4 dxe4 10. Nxe4 h6 11. Be3 a6 12. h3 Nd5 13. c4 Nxe3 14. Qxe3 Re8 15. Rad1 Bf8 16. Rfe1 Qc8 17. Rd3 b6 18. Red1 Na5 19. Ne5 f5 20. Ng3 Qd8 21. Qf3 Qc8 22. Nh5 Nb7 23. Qg3 Qd8 24. Qg6 Qg5 25. Qf7+ Kh7 26. f4 Re7 27. fxg5 1-0